Lý thuyết giá cả và sự vận dụng /
Nội dung cuốn sách gồm 16 chương: Bản chất và phạm vi của kinh tế học; Những công cụ nghiên cứu; độ hữu dụng và sở thích; Tiêu dùng và nhu cầu; Vận dụng và mở rộng lý thuyết cầu; Hãng kinh doanh; Sự cân bằng trong thị trường sản phẩm-cạnh tranh ngành; ......
Đã lưu trong:
| Tác giả chính: | |
|---|---|
| Tác giả khác: | , , , |
| Định dạng: | Sách |
| Ngôn ngữ: | Vietnamese |
| Được phát hành: |
Hà Nội :
Khoa học và kỹ thuật,
1996.
|
| Những chủ đề: | |
| Các nhãn: |
Thêm thẻ
Không có thẻ, Là người đầu tiên thẻ bản ghi này!
|
| Thư viện lưu trữ: | Mạng thư viện Đại học Đà Nẵng |
|---|
| LEADER | 01481cam a2200409 i 4500 | ||
|---|---|---|---|
| 001 | 000042261 | ||
| 003 | 134 | ||
| 005 | 20041027162403.0 | ||
| 008 | 010217b1996 vm 000 vie | ||
| 020 | |c 85000 | ||
| 022 | |a T | ||
| 040 | |a IRC |c IRC |d IRC | ||
| 041 | 1 | |a vie | |
| 082 | 1 | 4 | |a 339.42 |b HI-J |
| 100 | 1 | |a Hirshleifer, Jack. | |
| 245 | 1 | 0 | |a Lý thuyết giá cả và sự vận dụng / |c Jack Hirshleifer, Amihai Glazer ; Nguyễn Văn Chất, Nguyễn Đình Cung, Phạm Thị Hạnh,..dịch. |
| 260 | |a Hà Nội : |b Khoa học và kỹ thuật, |c 1996. | ||
| 300 | |a 667 tr. ; |c 24 cm. | ||
| 520 | 3 | |a Nội dung cuốn sách gồm 16 chương: Bản chất và phạm vi của kinh tế học; Những công cụ nghiên cứu; độ hữu dụng và sở thích; Tiêu dùng và nhu cầu; Vận dụng và mở rộng lý thuyết cầu; Hãng kinh doanh; Sự cân bằng trong thị trường sản phẩm-cạnh tranh ngành; ... | |
| 630 | 0 | 4 | |a Kinh tế. |
| 630 | 0 | 4 | |a Giá cả. |
| 650 | 0 | 4 | |a Kinh tế |x Giá cả. |
| 650 | 0 | 4 | |a Giá cả. |
| 700 | 1 | |a Glazer, Amihai. | |
| 700 | 1 | |a Nguyễn Văn Chất, |e dịch. | |
| 700 | 1 | |a Nguyễn Đình Cung, |e dịch. | |
| 700 | 1 | |a Phạm Thị Hạnh, |e dịch. | |
| OWN | |a DUT | ||
| 999 | |a From the UDN01 | ||
| TYP | |a Monograph | ||
| TYP | |a Printed language | ||
| 980 | |a Mạng thư viện Đại học Đà Nẵng | ||